[Event "Speed Chess Q2"]
[Site "Chess.com INT"]
[Date "2022.11.12"]
[Round "1"]
[White "Akobian, Varuzhan"]
[Black "Guo, Yu Han"]
[Result "1-0"]
[WhiteElo "2591"]
[BlackElo "1923"]
[PlyCount "63"]
[EventDate "2022.11.12"]
[EventType "swiss (blitz)"]
[EventRounds "14"]
[EventCountry "USA"]
[SourceTitle "CBM 211 Extra"]
[Source "ChessBase"]
[SourceDate "2023.01.31"]
[SourceVersion "1"]
[SourceVersionDate "2023.01.31"]
[SourceQuality "1"]

1. d4 d5 2. c4 e6 3. Nc3 Be7 4. cxd5 exd5 5. Bf4 Nf6 6. e3 0-0 7. Bd3 c6 8. Qc2 Be6 9. Nf3 Nbd7 10. Ng5 h6 11. Nxe6 fxe6 12. h3 c5 13. 0-0 c4 14. Bg6 a6 15. Bg3 b5 16. a3 Qb6 17. Rfe1 Rfc8 18. e4 Nf8 19. exd5 Qxd4 20. Rad1 Qc5 21. dxe6 Nxg6 22. Qxg6 Rf8 23. Be5 a5 24. Nd5 Ne8 25. Nxe7+ Qxe7 26. Rd7 Qg5 27. Qe4 Ra6 28. f4 Qh4 29. Red1 Nf6 30. Qb7 Nxd7 31. Rxd7 Qe1+ 32. Kh2 1-0

[Event "Speed Chess Q2"]
[Site "Chess.com INT"]
[Date "2022.11.12"]
[Round "4"]
[White "Guo, Yu Han"]
[Black "Dauner, Benedikt"]
[Result "0-1"]
[WhiteElo "1923"]
[BlackElo "2336"]
[PlyCount "52"]
[EventDate "2022.11.12"]
[EventType "swiss (blitz)"]
[EventRounds "14"]
[EventCountry "USA"]
[SourceTitle "CBM 211 Extra"]
[Source "ChessBase"]
[SourceDate "2023.01.31"]
[SourceVersion "1"]
[SourceVersionDate "2023.01.31"]
[SourceQuality "1"]

1. d4 Nf6 2. c4 g6 3. Nc3 Bg7 4. e4 d6 5. Nge2 0-0 6. Ng3 c5 7. d5 e6 8. h4 exd5 9. cxd5 h5 10. Be2 Re8 11. Bg5 Nbd7 12. 0-0 Qb6 13. Qd2 Nh7 14. Bf4 Ne5 15. Rab1 Qd8 16. Bg5 Nxg5 17. hxg5 h4 18. Nh1 h3 19. gxh3 Bxh3 20. Rfe1 Qc8 21. f4 Ng4 22. Qd3 Bd4+ 23. Nf2 Bxf2+ 24. Kh1 Ne3 25. Bf3 Bf1 26. Rxf1 Qh3# 0-1

[Event "Speed Chess Q2"]
[Site "Chess.com INT"]
[Date "2022.11.12"]
[Round "5"]
[White "Guo, Yu Han"]
[Black "Jegorovas, Aleksandras"]
[Result "0-1"]
[WhiteElo "1923"]
[BlackElo "2270"]
[PlyCount "42"]
[EventDate "2022.11.12"]
[EventType "swiss (blitz)"]
[EventRounds "14"]
[EventCountry "USA"]
[SourceTitle "CBM 211 Extra"]
[Source "ChessBase"]
[SourceDate "2023.01.31"]
[SourceVersion "1"]
[SourceVersionDate "2023.01.31"]
[SourceQuality "1"]

1. d4 Nf6 2. c4 e6 3. Nc3 Bb4 4. e3 0-0 5. Nge2 c6 6. a3 Ba5 7. b4 Bc7 8. Ng3 d5 9. cxd5 exd5 10. Bd3 Nbd7 11. 0-0 Re8 12. Re1 a6 13. Bc2 Nf8 14. f3 h5 15. Bb2 h4 16. Nge2 Qd6 17. g3 Rxe3 18. Nf4 Rxe1+ 19. Qxe1 Ne6 20. Bc1 Nxd4 21. Bd3 Nxf3+ 0-1

[Event "Olympiad Women-44"]
[Site "Chennai"]
[Date "2022.08.09"]
[Round "11.4"]
[White "Sarquis, Maria Belen"]
[Black "Guo, Yu Han"]
[Result "1-0"]
[WhiteElo "2072"]
[BlackElo "1630"]
[PlyCount "89"]
[EventDate "2022.07.29"]
[EventType "team-swiss"]
[EventRounds "11"]
[EventCountry "IND"]
[SourceTitle "CBM 210"]
[Source "ChessBase"]
[SourceDate "2022.10.31"]
[SourceVersion "1"]
[SourceVersionDate "2022.10.31"]
[SourceQuality "1"]
[WhiteTeam "Argentina (W)"]
[BlackTeam "Canada (W)"]
[WhiteTeamCountry "ARG"]
[BlackTeamCountry "CAN"]

1. e4 c6 2. Nf3 d5 3. exd5 cxd5 4. Ne5 Nf6 5. d4 g6 6. Bb5+ Nbd7 7. c3 Bg7 8. Nd2 0-0 9. Nxd7 Bxd7 10. Bd3 Qc7 11. 0-0 Ng4 12. Nf3 f6 13. h3 Nh6 14. Bc2 Kh8 15. Re1 Rae8 16. Nh4 f5 17. Qf3 e6 18. Bf4 Qd8 19. Qg3 Nf7 20. Nf3 Bf6 21. h4 Rg8 22. Ng5 Kg7 23. Nxf7 Kxf7 24. Bg5 h6 25. Bxf6 Qxf6 26. Re2 g5 27. hxg5 Rxg5 28. Qc7 Re7 29. Qe5 Qg6 30. f3 h5 31. Bb3 Bb5 32. Rf2 Bc6 33. Re1 h4 34. Kh2 Kf8 35. Qh8+ Kf7 36. Qe5 Kg8 37. c4 dxc4 38. Bxc4 Kh7 39. Rg1 Rg3 40. d5 Rg7 41. dxc6 h3 42. Bxe6 Qh5 43. Qxf5+ Kh6 44. Qxh5+ Kxh5 45. c7 1-0

[Event "Olympiad Women-44"]
[Site "Chennai"]
[Date "2022.08.06"]
[Round "8.4"]
[White "Rodriguez Rueda, Paula Andrea"]
[Black "Guo, Yu Han"]
[Result "0-1"]
[WhiteElo "2237"]
[BlackElo "1630"]
[PlyCount "80"]
[EventDate "2022.07.29"]
[EventType "team-swiss"]
[EventRounds "11"]
[EventCountry "IND"]
[SourceTitle "CBM 210"]
[Source "ChessBase"]
[SourceDate "2022.10.31"]
[SourceVersion "1"]
[SourceVersionDate "2022.10.31"]
[SourceQuality "1"]
[WhiteTeam "Colombia (W)"]
[BlackTeam "Canada (W)"]
[WhiteTeamCountry "COL"]
[BlackTeamCountry "CAN"]

1. d4 d5 2. c4 e6 3. Nc3 Be7 4. Nf3 Nf6 5. Bf4 0-0 6. e3 b6 7. Be2 Bb7 8. Ne5 Nbd7 9. 0-0 c5 10. cxd5 Nxe5 11. d6 Ng6 12. dxe7 Qxe7 13. Bg3 Rfd8 14. Qa4 cxd4 15. exd4 Qd7 16. Qa3 Nd5 17. Nxd5 Qxd5 18. Bf3 Qd7 19. Bxb7 Qxb7 20. Rac1 Rd7 21. Rc4 Rc8 22. Rxc8+ Qxc8 23. h3 h6 24. Qc3 Qd8 25. Qa3 a5 26. Qc3 Ne7 27. Rc1 Rxd4 28. Kh2 Rd1 29. Rc2 Qd3 30. Qxd3 Rxd3 31. Be5 Nd5 32. a3 Kh7 33. Rc6 Kg6 34. h4 h5 35. Bd6 Rd2 36. b4 axb4 37. axb4 Rxf2 38. Be5 Re2 39. Bd4 Re4 40. Bxb6 Rxh4+ 0-1

[Event "Olympiad Women-44"]
[Site "Chennai"]
[Date "2022.08.03"]
[Round "6.4"]
[White "Malan, Lucia"]
[Black "Guo, Yu Han"]
[Result "0-1"]
[WhiteElo "1741"]
[BlackElo "1630"]
[PlyCount "50"]
[EventDate "2022.07.29"]
[EventType "team-swiss"]
[EventRounds "11"]
[EventCountry "IND"]
[SourceTitle "CBM 210"]
[Source "ChessBase"]
[SourceDate "2022.10.31"]
[SourceVersion "1"]
[SourceVersionDate "2022.10.31"]
[SourceQuality "1"]
[WhiteTeam "Uruguay (W)"]
[BlackTeam "Canada (W)"]
[WhiteTeamCountry "URU"]
[BlackTeamCountry "CAN"]

1. e4 c6 2. d4 d5 3. Nd2 dxe4 4. Nxe4 Nf6 5. Nxf6+ exf6 6. c3 Bd6 7. Bd3 0-0 8. Qc2 Re8+ 9. Ne2 h5 10. 0-0 h4 11. Be3 Nd7 12. c4 Nf8 13. c5 Bb8 14. Rad1 Qc7 15. g3 g5 16. Nc3 Bg4 17. Rd2 Qd7 18. d5 hxg3 19. hxg3 Kg7 20. d6 Ng6 21. Bd4 Bf3 22. Bf5 Rh8 23. Bxf6+ Kxf6 24. Nd5+ cxd5 25. Qc3+ Ne5 0-1

[Event "Francophonie-chT Rapid"]
[Site "Tornelo INT"]
[Date "2022.06.04"]
[Round "4.5"]
[White "Dotse, Dzidzor Esi"]
[Black "Guo, Yu Han"]
[Result "0-1"]
[WhiteElo "1195"]
[BlackElo "1630"]
[PlyCount "46"]
[EventDate "2022.06.04"]
[EventType "team-swiss (rapid)"]
[EventRounds "11"]
[EventCountry "FRA"]
[SourceTitle "CBM 208 Extra"]
[Source "ChessBase"]
[SourceDate "2022.07.31"]
[SourceVersion "1"]
[SourceVersionDate "2022.07.31"]
[SourceQuality "1"]
[WhiteTeam "Ghana II"]
[BlackTeam "Canada"]
[WhiteTeamCountry "GHA"]
[BlackTeamCountry "CAN"]

1. d4 d5 2. c4 e6 3. Nc3 Be7 4. Nf3 Nf6 5. h3 0-0 6. Bf4 a6 7. e3 Nbd7 8. c5 c6 9. Be2 Ne4 10. Qc2 f5 11. 0-0 g5 12. Be5 Nxe5 13. Nxe5 Qc7 14. a3 Bxc5 15. Nxe4 Bxd4 16. Nxg5 Bxe5 17. Rac1 Bf6 18. Nf3 e5 19. b4 Qg7 20. Nd2 e4 21. Nb3 f4 22. exf4 Bxh3 23. Nc5 Qxg2# 0-1

[Event "Francophonie-chT Rapid"]
[Site "Tornelo INT"]
[Date "2022.06.04"]
[Round "5.3"]
[White "Guo, Yu Han"]
[Black "Oyenga, Justine Anassika"]
[Result "1-0"]
[WhiteElo "1630"]
[BlackElo "1223"]
[PlyCount "63"]
[EventDate "2022.06.04"]
[EventType "team-swiss (rapid)"]
[EventRounds "11"]
[EventCountry "FRA"]
[SourceTitle "CBM 208 Extra"]
[Source "ChessBase"]
[SourceDate "2022.07.31"]
[SourceVersion "1"]
[SourceVersionDate "2022.07.31"]
[SourceQuality "1"]
[WhiteTeam "Canada"]
[BlackTeam "Togo"]
[WhiteTeamCountry "CAN"]
[BlackTeamCountry "TOG"]

1. d4 d5 2. c4 Nf6 3. Nc3 Bf5 4. Qb3 b6 5. cxd5 Nbd7 6. e3 e6 7. dxe6 Bxe6 8. Qc2 Be7 9. Nf3 Nf8 10. Bb5+ Bd7 11. Bd3 Ng6 12. 0-0 Bc6 13. e4 0-0 14. Be3 Nh5 15. Ne2 Nh4 16. Nxh4 Bxh4 17. Qxc6 Bg5 18. Bxg5 Qxg5 19. e5 Nf4 20. Nxf4 Qxf4 21. Qe4 Qh6 22. Rac1 Rac8 23. Rc6 Qh5 24. f4 g6 25. f5 Qh6 26. f6 Rfd8 27. Rf3 Rd7 28. Rh3 Qd2 29. Rc2 Qg5 30. e6 Re8 31. exd7 Rd8 32. Qe8+ 1-0

[Event "Kingston Canada zt (Women)"]
[Site "Kingston"]
[Date "2022.04.16"]
[Round "6"]
[White "Guo, Yu Han"]
[Black "Demchenko, Svitlana"]
[Result "0-1"]
[WhiteElo "1444"]
[BlackElo "2079"]
[PlyCount "118"]
[EventDate "2022.04.13"]
[EventType "swiss"]
[EventRounds "9"]
[EventCountry "CAN"]
[SourceTitle "CBM 207 Extra"]
[Source "ChessBase"]
[SourceDate "2022.05.31"]
[SourceVersion "1"]
[SourceVersionDate "2022.05.31"]
[SourceQuality "1"]

1. d4 c5 2. d5 g6 3. c4 Bg7 4. Nc3 d6 5. Qa4+ Bd7 6. Qc2 Nf6 7. e4 0-0 8. f4 e6 9. Nf3 exd5 10. cxd5 Re8 11. a4 Bf5 12. Nd2 Nxe4 13. Ndxe4 Bxe4 14. Nxe4 f5 15. Bd3 fxe4 16. Bb5 Nd7 17. 0-0 a6 18. Bc4 Bd4+ 19. Kh1 Qf6 20. a5 Re7 21. Ra3 Qf5 22. Be3 Nf6 23. h3 h5 24. Qd1 Bxe3 25. Rxe3 Kg7 26. Rg3 Nh7 27. Be2 Kh8 28. Re3 Qf6 29. Rb3 Qd4 30. Rb6 Qxd1 31. Bxd1 Rd8 32. Re1 Nf6 33. Bb3 h4 34. Re3 Nh5 35. Bc2 Ng3+ 36. Kg1 Rf7 37. Bb3 Rxf4 38. Bc4 Rd7 39. b3 Kg7 40. Re1 Kf6 41. b4 cxb4 42. Rxb4 Ke5 43. Kh2 Rc7 44. Bb3 Rf2 45. Bc4 Rd2 46. Reb1 Rd4 47. Rc1 Nf5 48. Rc3 e3 49. Rc2 Ng3 50. Rc1 Ne4 51. Rc2 Nd2 52. Rc3 Nxc4 53. Rb1 e2 54. Re1 Rd2 55. Rcc1 Kd4 56. Rh1 Re7 57. Rhf1 exf1N+ 58. Kh1 Ng3+ 59. Kh2 Ree2 0-1

[Event "Kingston Canada zt (Women)"]
[Site "Kingston"]
[Date "2022.04.15"]
[Round "5"]
[White "Wang, Rachel Zihan"]
[Black "Guo, Yu Han"]
[Result "0-1"]
[WhiteElo "1561"]
[BlackElo "1444"]
[PlyCount "100"]
[EventDate "2022.04.13"]
[EventType "swiss"]
[EventRounds "9"]
[EventCountry "CAN"]
[SourceTitle "CBM 207 Extra"]
[Source "ChessBase"]
[SourceDate "2022.05.31"]
[SourceVersion "1"]
[SourceVersionDate "2022.05.31"]
[SourceQuality "1"]

1. d4 d5 2. c4 e6 3. Nf3 a6 4. a4 Nf6 5. Bg5 Bb4+ 6. Bd2 Be7 7. Nc3 0-0 8. e3 b6 9. cxd5 Nxd5 10. Nxd5 Qxd5 11. Qc2 c5 12. Bc4 Qd6 13. dxc5 Qxc5 14. Rc1 Bb7 15. Bd3 Qxc2 16. Rxc2 Nc6 17. 0-0 Nb4 18. Bxb4 Bxb4 19. Ne5 Rad8 20. Rc7 Ba8 21. Nd7 Bd6 22. Ra7 Bb8 23. Nxb8 Rxb8 24. Bxa6 Rfd8 25. Rc7 Rd2 26. Rfc1 Rbd8 27. Rc8 h6 28. Rxd8+ Rxd8 29. Rc8 Rxc8 30. Bxc8 Bc6 31. b3 Kf8 32. Ba6 Ke7 33. f3 Kd6 34. Bc4 Kc5 35. e4 Bxa4 36. Kf2 Bb5 37. Bxb5 Kxb5 38. Ke3 Kb4 39. f4 Kxb3 40. g4 Kc4 41. h4 b5 42. h5 b4 43. g5 b3 44. f5 b2 45. g6 f6 46. fxe6 b1Q 47. Kf4 Qb5 48. Ke3 Qxh5 49. e7 Qxg6 50. e8Q Qxe8 0-1

[Event "Kingston Canada zt (Women)"]
[Site "Kingston"]
[Date "2022.04.14"]
[Round "3"]
[White "Ouellet, Maili Jade"]
[Black "Guo, Yu Han"]
[Result "1-0"]
[WhiteElo "2179"]
[BlackElo "1444"]
[PlyCount "97"]
[EventDate "2022.04.13"]
[EventType "swiss"]
[EventRounds "9"]
[EventCountry "CAN"]
[SourceTitle "CBM 207 Extra"]
[Source "ChessBase"]
[SourceDate "2022.05.31"]
[SourceVersion "1"]
[SourceVersionDate "2022.05.31"]
[SourceQuality "1"]

1. d4 d5 2. c4 e6 3. Nc3 Be7 4. Nf3 Nf6 5. Bg5 h6 6. Bh4 0-0 7. e3 b6 8. cxd5 Nxd5 9. Bg3 Bb7 10. Bd3 c5 11. 0-0 Nc6 12. Rc1 Rc8 13. Bb1 Bf6 14. Ne4 cxd4 15. Nd6 Ba6 16. Nxc8 Bxf1 17. Rxc6 Bb5 18. Rc1 dxe3 19. Nxa7 Qd7 20. Nxb5 Qxb5 21. fxe3 Qxb2 22. Qd2 Qxd2 23. Nxd2 Nxe3 24. Bf2 Nd5 25. Bd3 Bg5 26. Be1 Rd8 27. Bb1 g6 28. h4 Be3+ 29. Kf1 h5 30. Ke2 Bh6 31. g3 b5 32. Be4 Kg7 33. Bxd5 Rxd5 34. Rb1 Re5+ 35. Kf1 Rf5+ 36. Kg2 Re5 37. Kf1 Rf5+ 38. Ke2 Re5+ 39. Kd1 Rd5 40. Rb3 f5 41. Kc2 Kf7 42. Nf3 e5 43. Bc3 Bg7 44. Ng5+ Kg8 45. a4 bxa4 46. Rb8+ Bf8 47. Bb4 e4 48. Bxf8 e3 49. Bh6+ 1-0

[Event "Kingston Canada zt (Women)"]
[Site "Kingston"]
[Date "2022.04.13"]
[Round "1"]
[White "Botez, Alexandra"]
[Black "Guo, Yu Han"]
[Result "0-1"]
[WhiteElo "2020"]
[BlackElo "1444"]
[PlyCount "110"]
[EventDate "2022.04.13"]
[EventType "swiss"]
[EventRounds "9"]
[EventCountry "CAN"]
[SourceTitle "CBM 207 Extra"]
[Source "ChessBase"]
[SourceDate "2022.05.31"]
[SourceVersion "1"]
[SourceVersionDate "2022.05.31"]
[SourceQuality "1"]

1. d4 d5 2. c4 e6 3. Nf3 Nf6 4. g3 c6 5. Bg2 Be7 6. 0-0 0-0 7. Nc3 Nbd7 8. b3 b6 9. a4 Bb4 10. Bb2 a5 11. cxd5 exd5 12. Rc1 Ba6 13. Na2 Rc8 14. Nxb4 axb4 15. Ng5 Re8 16. Re1 h6 17. Nh3 g5 18. Qd2 Qe7 19. e3 Ne4 20. Qd1 f5 21. f3 Nd6 22. Qd2 g4 23. fxg4 fxg4 24. Nf2 h5 25. e4 Qf7 26. exd5 cxd5 27. Qg5+ Kh7 28. Bxd5 Rxc1 29. Rxc1 Qg6 30. Qxg6+ Kxg6 31. Kg2 Nf6 32. Rc6 Re1 33. Bc4 Nxc4 34. bxc4 Bb7 35. d5 Bxc6 36. dxc6 Ne8 37. Nd3 Re2+ 38. Kf1 Rd2 39. Nf4+ Kf5 40. Bh8 Nc7 41. Ne2 Ke4 42. Bf6 Rd6 43. Be7 Rxc6 44. Bxb4 Rxc4 45. Be1 Nd5 46. a5 b5 47. Bf2 Ra4 48. Bb6 b4 49. Ke1 Ne3 50. Nd4 Ra1+ 51. Ke2 Ra2+ 52. Ke1 Nc2+ 53. Nxc2 Rxc2 54. a6 Ra2 55. a7 Kd3 0-1

[Event "PNWCC Online Masters WOO"]
[Site "Chess.com INT"]
[Date "2020.07.05"]
[Round "5.55"]
[White "Guo, Yu Han"]
[Black "Wiebe, Daniel"]
[Result "0-1"]
[WhiteElo "1432"]
[BlackElo "1988"]
[PlyCount "106"]
[EventDate "2020.07.04"]
[EventType "swiss (rapid)"]
[EventRounds "9"]
[EventCountry "USA"]
[SourceTitle "CBM 197 Extra"]
[Source "ChessBase"]
[SourceDate "2020.09.30"]
[SourceVersion "1"]
[SourceVersionDate "2020.09.30"]
[SourceQuality "1"]

1. Nf3 Nf6 2. d4 g6 3. g3 Bg7 4. Bg2 d5 5. c4 c6 6. Qd3 0-0 7. 0-0 dxc4 8. Qxc4 Be6 9. Qb4 b6 10. Nc3 a5 11. Qa4 b5 12. Qc2 Na6 13. Ne5 Rc8 14. a3 Qb6 15. Rd1 c5 16. dxc5 Nxc5 17. Be3 Qa6 18. Bxc5 Rxc5 19. Nd3 Rc7 20. Qd2 Bb3 21. Rdc1 Rfc8 22. Qg5 Bc4 23. Nd5 Nxd5 24. Bxd5 h6 25. Qf4 e5 26. Qf3 Qd6 27. Bxc4 bxc4 28. Ne1 e4 29. Qxe4 Bxb2 30. Rd1 Qc5 31. Rd5 Qe7 32. Qxe7 Rxe7 33. Rad1 Rxe2 34. Kf1 Re5 35. Rxe5 Bxe5 36. a4 Bc3 37. Nc2 Bb4 38. Ke2 c3 39. Nxb4 axb4 40. Kd3 c2 41. Rc1 b3 42. Kd2 Rb8 43. Rxc2 bxc2 44. Kxc2 Rb4 45. Kd3 Rxa4 46. Ke3 f5 47. h3 Kg7 48. Kf3 Kf6 49. h4 g5 50. hxg5+ hxg5 51. Kg2 g4 52. f3 Ra2+ 53. Kf1 gxf3 0-1